000 00506nam a22001812 4500
001 0000005664
005 20151217160111.0
008 070620s xx 000 0 eng d
040 _aKABU
_cKABU
050 0 _aPZ90
_b.S94O4H33
100 1 _aOlasya, G. A. O.
_@0000156880
245 1 0 _aHadithi zenye mafunzo :
_bkwa wanafunzi wa shule za msingi.
260 _aNairobi :
_bEAEP,
_c1992.
300 _a78 p.
908 _a070620
950 _@1
999 _c14232
_d14232